[Event "Baltija Cup 18th"]
[Site "Palanga"]
[Date "2022.06.23"]
[Round "7"]
[White "Ter Avetisjana, Agnesa Stepania"]
[Black "Zilakauskis, Steponas"]
[Result "1/2-1/2"]
[WhiteElo "2006"]
[BlackElo "1768"]
[PlyCount "91"]
[EventDate "2022.06.20"]
[EventType "swiss"]
[EventRounds "7"]
[EventCountry "LTU"]
[SourceTitle "CBM 209 Extra"]
[Source "ChessBase"]
[SourceDate "2022.09.30"]
[SourceVersion "1"]
[SourceVersionDate "2022.09.30"]
[SourceQuality "1"]

1. e4 e6 2. d4 d5 3. Nd2 dxe4 4. Nxe4 Bd7 5. Nf3 Bc6 6. Bd3 Nd7 7. 0-0 Bxe4 8. Bxe4 c6 9. c4 Ngf6 10. Bc2 Qc7 11. b3 Bd6 12. Bb2 0-0 13. Re1 Rad8 14. Qe2 Rfe8 15. h3 Bb4 16. Red1 Bf8 17. Ne5 Nxe5 18. dxe5 Nd7 19. h4 g6 20. h5 Bg7 21. hxg6 hxg6 22. f4 Nf8 23. Qe3 b6 24. Be4 c5 25. Rf1 Rd7 26. Bc3 Red8 27. Rae1 a6 28. Qf3 b5 29. Re3 b4 30. Be1 Rd1 31. Rd3 R1xd3 32. Bxd3 f6 33. exf6 Bxf6 34. Bf2 Bd4 35. g4 Qd7 36. Bc2 Qe7 37. Kg2 Bxf2 38. Rxf2 Rd4 39. Re2 Qf6 40. Kg3 g5 41. fxg5 Qxg5 42. Rf2 Qe5+ 43. Kh3 Qh8+ 44. Kg2 Qg7 45. Kg3 Qe5+ 46. Kh3 1/2-1/2

[Event "LTU-chT Rapid"]
[Site "Panevezys"]
[Date "2019.11.24"]
[Round "6.11"]
[White "Stremavicius, Pijus"]
[Black "Zilakauskis, Steponas"]
[Result "1/2-1/2"]
[WhiteElo "2165"]
[BlackElo "1757"]
[PlyCount "149"]
[EventDate "2019.11.23"]
[EventType "team-swiss (rapid)"]
[EventRounds "8"]
[EventCountry "LTU"]
[SourceTitle "EXT 2023"]
[Source "ChessBase"]
[SourceDate "2022.10.05"]
[SourceVersion "1"]
[SourceVersionDate "2022.10.05"]
[SourceQuality "1"]

1. d4 Nf6 2. Nf3 c5 3. d5 e6 4. Nc3 exd5 5. Nxd5 Nxd5 6. Qxd5 d6 7. Bf4 Nc6 8. e4 Be6 9. Qd2 d5 10. exd5 Qxd5 11. Qxd5 Bxd5 12. 0-0-0 0-0-0 13. g3 Bd6 14. Bh3+ Kc7 15. Bxd6+ Rxd6 16. Bg2 Rhd8 17. Rhe1 h6 18. Nh4 Bxg2 19. Nxg2 Rxd1+ 20. Rxd1 Re8 21. Ne3 Re5 22. c3 Ne7 23. Rd2 b5 24. Kc2 Kc6 25. Ng4 Re6 26. f4 f6 27. Rd8 h5 28. Nf2 Nd5 29. Kd2 Ne3 30. Rc8+ Kb6 31. Nd3 c4 32. Nb4 a5 33. Nc2 Nxc2 34. Kxc2 Re2+ 35. Kc1 Rxh2 36. Rg8 h4 37. Rxg7 h3 38. Rh7 b4 39. g4 b3 40. axb3 cxb3 41. g5 fxg5 42. fxg5 Rh1+ 43. Kd2 h2 44. g6 Rg1 45. Rxh2 Rxg6 46. Kd3 Rg4 47. Re2 a4 48. c4 Kc5 49. Re5+ Kb6 50. Kc3 Rg2 51. Re3 Rc2+ 52. Kb4 Rxb2 53. Kxa4 Kc5 54. Ka3 Rb1 55. Rxb3 Rxb3+ 56. Kxb3 Kc6 57. Kb4 Kb6 58. c5+ Kc6 59. Kc4 Kc7 60. Kb5 Kb7 61. c6+ Kc7 62. Kc5 Kc8 63. Kd6 Kd8 64. Kc5 Kc7 65. Kb5 Kc8 66. Ka6 Kc7 67. Kb5 Kc8 68. Kc5 Kc7 69. Kd5 Kc8 70. Kd6 Kd8 71. Ke6 Kc7 72. Kd5 Kc8 73. Kd6 Kd8 74. c7+ Kc8 75. Kc6 1/2-1/2

[Event "LTU-chT"]
[Site "Lithuania"]
[Date "2019.04.28"]
[Round "7.5"]
[White "Zilakauskis, Steponas"]
[Black "Lileikis, Antanas"]
[Result "1-0"]
[WhiteElo "1684"]
[BlackElo "1950"]
[PlyCount "79"]
[EventDate "2019.01.26"]
[EventType "team-swiss"]
[EventRounds "7"]
[EventCountry "LTU"]
[SourceTitle "CBM 190 Extra"]
[Source "ChessBase"]
[SourceDate "2019.07.15"]
[SourceVersion "1"]
[SourceVersionDate "2019.07.15"]
[SourceQuality "1"]
[WhiteTeam "Vilnius Tauras"]
[BlackTeam "Marijampole Suduva"]
[WhiteTeamCountry "LTU"]
[BlackTeamCountry "LTU"]

1. d4 d5 2. c4 c6 3. cxd5 cxd5 4. Bg5 Nc6 5. Nc3 Nf6 6. Bxf6 exf6 7. e3 Be6 8. Nge2 Rc8 9. Nf4 Be7 10. Bd3 0-0 11. 0-0 Qd7 12. Qh5 g6 13. Qh6 f5 14. g4 Nb4 15. Bb1 Bf6 16. gxf5 Bxf5 17. Nh5 Bh8 18. Qg5 Bxb1 19. Raxb1 f5 20. Nf4 Kf7 21. a3 Na6 22. Ncxd5 Nc7 23. Nxc7 Rxc7 24. Qg2 Rd8 25. Rfc1 g5 26. Qd5+ Qxd5 27. Rxc7+ Qd7 28. Rxd7+ Rxd7 29. Nd3 f4 30. Kg2 Kg6 31. h4 h6 32. hxg5 hxg5 33. Rc1 b6 34. Rc8 Bf6 35. Kf3 Re7 36. Rc6 fxe3 37. fxe3 g4+ 38. Kxg4 Rxe3 39. Nf4+ Kf7 40. Rxf6+ 1-0

[Event "LTU-ch"]
[Site "Vilnius"]
[Date "2019.03.17"]
[Round "5"]
[White "Zaksaite, Salomeja"]
[Black "Zilakauskis, Steponas"]
[Result "1-0"]
[WhiteElo "2260"]
[BlackElo "1679"]
[PlyCount "59"]
[EventDate "2019.03.15"]
[EventType "swiss"]
[EventRounds "9"]
[EventCountry "LTU"]
[SourceTitle "CBM 189 Extra"]
[Source "ChessBase"]
[SourceDate "2019.06.03"]
[SourceVersion "1"]
[SourceVersionDate "2019.06.03"]
[SourceQuality "1"]

1. e4 e6 2. d4 d5 3. Nc3 Bb4 4. Nge2 Nc6 5. e5 f6 6. Nf4 Qe7 7. Bb5 Bd7 8. Bxc6 bxc6 9. Nd3 c5 10. a3 Ba5 11. Nxc5 fxe5 12. Qh5+ Kf8 13. Qxe5 Nf6 14. 0-0 h6 15. b4 Bb6 16. a4 Bxc5 17. dxc5 Be8 18. Ba3 a6 19. c6 Kg8 20. b5 Qf7 21. Rfe1 axb5 22. axb5 Qg6 23. Qxc7 Qxc2 24. Qe5 Ng4 25. Qxe6+ Bf7 26. Qxg4 Qxc3 27. Bb2 Qxb2 28. Rxa8+ Kh7 29. Rxh8+ Kxh8 30. c7 1-0

[Event "EU-ch U12 28th"]
[Site "Riga"]
[Date "2018.08.20"]
[Round "1"]
[White "Murzin, Volodar"]
[Black "Zilakauskis, Steponas"]
[Result "1-0"]
[WhiteElo "2306"]
[BlackElo "1696"]
[PlyCount "57"]
[EventDate "2018.08.20"]
[EventType "swiss"]
[EventRounds "9"]
[EventCountry "LAT"]
[SourceTitle "CBM 186 Extra"]
[Source "ChessBase"]
[SourceDate "2018.08.24"]
[SourceVersion "1"]
[SourceVersionDate "2018.08.24"]
[SourceQuality "1"]

1. e4 e6 2. d3 d5 3. Nd2 c5 4. Ngf3 Nc6 5. g3 g6 6. Bg2 Bg7 7. 0-0 Nf6 8. Re1 0-0 9. c3 Qc7 10. Nf1 Rd8 11. e5 Nd7 12. d4 Nb6 13. Bg5 Re8 14. h4 h6 15. Bf4 cxd4 16. cxd4 Qe7 17. N1h2 Bd7 18. b3 f5 19. exf6 Qxf6 20. Ng4 Qf8 21. Nge5 Nxe5 22. Nxe5 Qf6 23. Qd2 Kh7 24. Bf1 Qf8 25. Bd3 Bxe5 26. Rxe5 Re7 27. Rh5 Be8 28. Rxh6+ Kg7 29. Be5+ 1-0

[Event "LTU-chT"]
[Site "Lithuania"]
[Date "2018.03.25"]
[Round "5.3"]
[White "Zilakauskis, Steponas"]
[Black "Valiunas, Eimutis"]
[Result "0-1"]
[WhiteElo "1571"]
[BlackElo "1683"]
[PlyCount "80"]
[EventDate "2018.01.27"]
[EventType "team-swiss"]
[EventRounds "7"]
[EventCountry "LTU"]
[SourceTitle "EXT 2019"]
[Source "ChessBase"]
[SourceDate "2018.10.10"]
[SourceVersion "1"]
[SourceVersionDate "2018.10.10"]
[SourceQuality "1"]
[WhiteTeam "Kaunas Standartas"]
[BlackTeam "Rokiskis"]
[WhiteTeamCountry "LTU"]
[BlackTeamCountry "LTU"]

1. d4 Nf6 2. Nf3 g6 3. c4 Bg7 4. Nc3 0-0 5. e4 d6 6. Be2 Nbd7 7. 0-0 e5 8. Bg5 h6 9. Bh4 g5 10. Bg3 exd4 11. Nxd4 Nc5 12. f3 a5 13. Nb3 Ne6 14. e5 Nh5 15. exd6 Nxg3 16. hxg3 cxd6 17. Bd3 a4 18. Nd2 Qb6+ 19. Kh1 Qxb2 20. Rb1 Qxc3 21. Ne4 Qd4 22. Qc2 Nc5 23. Nxc5 dxc5 24. Rb6 Qe5 25. f4 gxf4 26. Rxf4 Qe1+ 27. Kh2 Ra6 28. Rb1 Qc3 29. Qe2 Rd6 30. Be4 Rd2 31. Qh5 Qe5 32. Qf3 Rd4 33. Re1 Qg5 34. Rf1 Be6 35. Rb1 Rxc4 36. Rxb7 Rc3 37. Qf2 Be5 38. Qe1 Bxf4 39. Qxc3 Be5 40. Qc2 Qxg3+ 0-1

[Event "LTU-chT"]
[Site "Lithuania"]
[Date "2018.03.24"]
[Round "3.3"]
[White "Plutaite, Ausra"]
[Black "Zilakauskis, Steponas"]
[Result "0-1"]
[WhiteElo "1308"]
[BlackElo "1571"]
[PlyCount "94"]
[EventDate "2018.01.27"]
[EventType "team-swiss"]
[EventRounds "7"]
[EventCountry "LTU"]
[SourceTitle "EXT 2019"]
[Source "ChessBase"]
[SourceDate "2018.10.10"]
[SourceVersion "1"]
[SourceVersionDate "2018.10.10"]
[SourceQuality "1"]
[WhiteTeam "Kaunas Mirazas"]
[BlackTeam "Kaunas Standartas"]
[WhiteTeamCountry "LTU"]
[BlackTeamCountry "LTU"]

1. e4 e6 2. d4 d5 3. Nc3 Bb4 4. e5 c5 5. Nf3 Nc6 6. Bb5 Bd7 7. 0-0 cxd4 8. Bxc6 dxc3 9. Bxd7+ Qxd7 10. Qd4 Ba5 11. bxc3 Ne7 12. Qg4 Bxc3 13. Rb1 Ng6 14. Kh1 Rg8 15. Qh5 h6 16. Rb3 Qc7 17. Ba3 Bxe5 18. Rfb1 b6 19. Qg4 Bd6 20. Bb2 Qc4 21. Nd4 Qc8 22. Rc3 Qd7 23. Rb3 Ne5 24. Qe2 Nc4 25. Rc3 Rc8 26. Bc1 Bc5 27. Nf5 Nd6 28. Ng3 Bd4 29. Rf3 Qa4 30. Rf4 Qxa2 31. Rb3 Qxc2 32. Rxd4 Qxb3 33. Bf4 Nf5 34. Nxf5 Qb1+ 35. Rd1 Qxf5 36. Qa6 Qc2 37. Re1 Qc6 38. Qxa7 Ra8 39. Qc7 Qxc7 40. Bxc7 b5 41. Rb1 Kd7 42. Be5 f6 43. Bc3 Rgc8 44. Be1 Rab8 45. h3 b4 46. Rxb4 Rxb4 47. Bxb4 d4 0-1

[Event "Klaipeda Sea op-B 14th"]
[Site "Klaipeda"]
[Date "2017.07.28"]
[Round "7"]
[White "Scekaciov, Rostislav"]
[Black "Zilakauskis, Steponas"]
[Result "0-1"]
[WhiteElo "1212"]
[BlackElo "1566"]
[PlyCount "86"]
[EventDate "2017.07.25"]
[EventType "swiss"]
[EventRounds "7"]
[EventCountry "LTU"]
[SourceTitle "CBM 179 Extra"]
[Source "ChessBase"]
[SourceDate "2017.08.23"]
[SourceVersion "1"]
[SourceVersionDate "2017.08.23"]
[SourceQuality "1"]

1. d4 Nf6 2. c4 c5 3. Nf3 cxd4 4. Nxd4 Nc6 5. Nc3 e6 6. Bf4 Qb6 7. Nxc6 bxc6 8. Qb3 Bc5 9. Qxb6 axb6 10. a3 d5 11. e3 d4 12. Nd1 Bb4+ 13. Ke2 dxe3 14. Nxe3 Bc5 15. Rd1 Nd7 16. Bd6 Bxd6 17. Rxd6 Bb7 18. f3 Ke7 19. Rd2 Nc5 20. Kf2 Rhd8 21. Rc2 Rd7 22. Be2 Rad8 23. Rd1 Rxd1 24. Nxd1 Nb3 25. Nc3 Nd4 26. Rd2 Ba6 27. c5 Bxe2 28. Nxe2 bxc5 29. Nxd4 cxd4 30. Ke2 e5 31. Kd3 Kd6 32. Kc4 c5 33. g4 f6 34. Rd3 Rb8 35. Rd2 Kc6 36. h4 g6 37. Re2 Ra8 38. Rd2 Ra4+ 39. Kb3 Kb5 40. Kc2 c4 41. Rd1 Kc6 42. Rd2 Kd5 43. Rf2 f5 0-1

[Event "Panevezys op-B"]
[Site "Panevezys"]
[Date "2017.07.06"]
[Round "5"]
[White "Zilakauskis, Steponas"]
[Black "Balanda, Audrius"]
[Result "1-0"]
[WhiteElo "1566"]
[BlackElo "1610"]
[PlyCount "127"]
[EventDate "2017.07.03"]
[EventType "swiss"]
[EventRounds "9"]
[EventCountry "LTU"]
[SourceTitle "EXT 2018"]
[Source "ChessBase"]
[SourceDate "2017.10.13"]
[SourceVersion "1"]
[SourceVersionDate "2017.10.13"]
[SourceQuality "1"]

1. d4 d5 2. c4 c6 3. cxd5 cxd5 4. Nf3 Nf6 5. Nc3 Nc6 6. Bf4 a6 7. e3 e6 8. Bd3 Bd6 9. Bg3 0-0 10. Rc1 Qe7 11. Bxd6 Qxd6 12. 0-0 Bd7 13. e4 dxe4 14. Nxe4 Nxe4 15. Bxe4 Qb4 16. b3 Rac8 17. Rc4 Qa5 18. Bb1 Rcd8 19. Qd3 g6 20. Rfc1 Qb6 21. Qe3 Kg7 22. Rc5 Ne7 23. Ne5 Nf5 24. Bxf5 exf5 25. d5 Qd6 26. Qc3 f6 27. Nd3 b6 28. Rc4 Qxd5 29. Nf4 Qd6 30. Qg3 Bb5 31. Rc7+ Kg8 32. h4 Rf7 33. Rxf7 Kxf7 34. a4 Bc6 35. Qe3 Bb7 36. Ne2 Rd7 37. Qh6 Ke8 38. Ng3 Re7 39. h5 f4 40. Nf1 Qd5 41. f3 g5 42. Qxf6 Qxb3 43. Qh8+ Kd7 44. Qd4+ Bd5 45. Rc3 Qa2 46. Qxb6 Qxa4 47. Rc7+ Ke8 48. Qb8+ Kf7 49. Rxe7+ Kxe7 50. Qe5+ Be6 51. Qxg5+ Ke8 52. Qe5 Kf7 53. Qc7+ Bd7 54. Qd6 a5 55. Nd2 Bf5 56. Kf2 Qb4 57. Qc7+ Kg8 58. Qd8+ Kg7 59. Qg5+ Bg6 60. Ke2 a4 61. Qe5+ Kh6 62. hxg6 hxg6 63. Qh8+ Kg5 64. Ne4+ 1-0

[Event "Panevezys op-B"]
[Site "Panevezys"]
[Date "2017.07.04"]
[Round "3"]
[White "Zilakauskis, Steponas"]
[Black "Voropajevas, Nikolajus"]
[Result "1-0"]
[WhiteElo "1566"]
[BlackElo "1576"]
[PlyCount "55"]
[EventDate "2017.07.03"]
[EventType "swiss"]
[EventRounds "9"]
[EventCountry "LTU"]
[SourceTitle "EXT 2018"]
[Source "ChessBase"]
[SourceDate "2017.10.13"]
[SourceVersion "1"]
[SourceVersionDate "2017.10.13"]
[SourceQuality "1"]

1. d4 Nf6 2. c4 e6 3. Nf3 d5 4. Nc3 Bb4 5. Bd2 0-0 6. e3 c5 7. a3 cxd4 8. exd4 Bxc3 9. Bxc3 Ne4 10. Qc2 Nc6 11. Bd3 f5 12. 0-0 Nxc3 13. bxc3 Na5 14. cxd5 exd5 15. Ne5 Nc6 16. f4 Qc7 17. Qb3 Be6 18. Rab1 Nxe5 19. fxe5 Rab8 20. Rfc1 b5 21. Qa2 a6 22. Rb4 Rb6 23. Qb3 Rfb8 24. Rb1 Rc6 25. a4 Rxc3 26. Qd1 Qd7 27. axb5 Rxb5 28. Rxb5 1-0